|
|
|
|
| LEADER |
00000nam0a2200000 4500 |
| 001 |
185935 |
| 005 |
20231031173210.0 |
| 035 |
|
|
|a (RuTPU)RU\TPU\book\201753
|
| 035 |
|
|
|a RU\TPU\book\54050
|
| 090 |
|
|
|a 185935
|
| 100 |
|
|
|a 20101019d1972 km y0rusy50 ca
|
| 101 |
0 |
|
|a rus
|
| 102 |
|
|
|a RU
|
| 105 |
|
|
|a a z 001zy
|
| 200 |
1 |
|
|a Электрические сети и системы
|f Л. А. Солдаткина
|
| 210 |
|
|
|a Москва
|c Энергия
|d 1972
|
| 215 |
|
|
|a 272 с.
|c ил.
|
| 320 |
|
|
|a Библиогр.: с. 268-269.
|
| 330 |
|
|
|a В книге рассматриваются важные современные задачи: обеспечение обоснованной надежности электроснабжения потребителей, получение электроэнергии допустимого качества, проведение мероприятий по повышению экономичности работы энергетических установок. Отражены условия работы электрических сетей в несимметричных режимах, дается понятие о возникновении несинусоидальности напряжений и токов, а также понятие о расчетах сложнозамкнутых сетей с помощью ЦВМ, приводится большое количество цифровых примеров.
|
| 610 |
1 |
|
|a электроэнергетика
|
| 610 |
1 |
|
|a электрические системы
|
| 610 |
1 |
|
|a электрические сети
|
| 610 |
1 |
|
|a рабочие режимы
|
| 610 |
1 |
|
|a электрическая энергия
|
| 610 |
1 |
|
|a качество
|
| 610 |
1 |
|
|a электроснабжение
|
| 610 |
1 |
|
|a надежность
|
| 610 |
1 |
|
|a проектирование
|
| 610 |
1 |
|
|a экономичность
|
| 675 |
|
|
|a 621.311
|v 3
|
| 700 |
|
1 |
|a Солдаткина
|b Л. А.
|g Лидия Александровна
|
| 801 |
|
1 |
|a RU
|b 63413507
|c 20030506
|g PSBO
|
| 801 |
|
2 |
|a RU
|b 63413507
|c 20201125
|g PSBO
|
| 900 |
|
|
|a Электрические системы и сети
|
| 942 |
|
|
|c BK
|